Statistics for NFL most rushing yards in a game

Click here to take the quiz!

General Stats

  • This quiz has been taken 258 times
  • The average score is 8 of 15

Answer Stats

TeamYardsHintAnswer% Correct
MIN2961Adrian Peterson
99%
CHI2755Walter Payton
74%
RAM24814Eric Dickerson
72%
SEA2667Shaun Alexander
71%
KAN2598Jamaal Charles
68%
BAL2952Jamal Lewis
68%
BUF2736O.J. Simpson
63%
BUF25012O.J. Simpson
63%
DAL2539DeMarco Murray
56%
TAM251Doug Martin
48%
CIN2784Corey Dillon
47%
DEN25110Mike Anderson
33%
NYY250Spec Sanders
23%
CLE2863Jerome Harrison
19%
RAM24715Willie Ellison
2%

Score Distribution

Percentile by Number Answered

Percent of People with Each Score

Your Score History

You have not taken this quiz